Teorie mezinárodních vztahů

Gespeichert in:
Bibliographische Detailangaben
1. Verfasser: Drulák, Petr
Format: Buch
Sprache:Tschechisch
Veröffentlicht: Praha Portál 2003
Schlagworte:
Tags: Tag hinzufügen
Keine Tags, Fügen Sie das erste Tag hinzu!

MARC

LEADER 00000nam a2200000 4500
001 c143958
005 20240306141706.7
020 |a 80-7178-725-6 
041 0 |a cze 
044 |a CZ 
245 1 0 |a Teorie mezinárodních vztahů  |c Petr Drulák 
264 1 |a Praha  |b Portál  |c 2003 
300 |a 220 s. 
610 2 0 |a vzťahy politické medzinárodné 
610 2 0 |a politika medzinárodná 
610 2 0 |a politika mierová 
610 2 0 |a politika svetová 
610 2 0 |a politika zahraničná 
100 1 |a Drulák, Petr